| 000 | 01000nas a2200313 4500 | ||
|---|---|---|---|
| 001 | BR7602095 | ||
| 003 | BR-BrBNA | ||
| 005 | 20231205082951.0 | ||
| 007 | ta | ||
| 008 | 230509b bl.|||p| |||| 00| 00por d | ||
| 040 |
_aBR-BrBNA _bpor _cBiblioteca Nacional de Agricultura |
||
| 041 | _a(Pt) | ||
| 072 | _aH20; Q20 | ||
| 100 | 1 | _aFonseca, H. | |
| 100 | 1 | _aSavy Filho, A. | |
| 100 | 1 | _aSoave, J. | |
| 100 | 1 | _aCanecchio Filho, V. | |
| 245 | 1 | _aEstudo do controle quimico do Aspergillus flavus e producao de aflatoxina no amendoim (Arachis hypogaea l.)no campo [Fungo; Aspergilose] | |
| 650 | _aDoenca de planta | ||
| 650 | _aToxicologia de alimento | ||
| 650 | _aAmendoim | ||
| 650 | _aAspergilose | ||
| 650 | _aControle quimico | ||
| 650 | _aFungicida | ||
| 650 | _aAflatoxina | ||
| 773 | 0 |
_tAnais da escola Superior de Agricultura Luiz de Queiroz (Brazil) _xISSN 0071-1276 _g(1976), v. 33 p. 337-347 _wBR7602095 |
|
| 909 |
_a202311 _bLúcia _c55 _dLúcia Elande |
||
| 942 |
_2AGRIS _n0 _cANA |
||
| 999 |
_c95435 _d95435 |
||